<?xml version="1.0" encoding="UTF-8"?>
<record
    xmlns:xsi="http://www.w3.org/2001/XMLSchema-instance"
    xsi:schemaLocation="http://www.loc.gov/MARC21/slim http://www.loc.gov/standards/marcxml/schema/MARC21slim.xsd"
    xmlns="http://www.loc.gov/MARC21/slim">

  <leader>03422nam a22003857a 4500</leader>
  <controlfield tag="003">OSt</controlfield>
  <controlfield tag="005">20230109085209.0</controlfield>
  <controlfield tag="008">230109b        |||||||| |||| 00| 0 eng d</controlfield>
  <datafield tag="015" ind1=" " ind2=" ">
    <subfield code="a">GBA3-62172</subfield>
  </datafield>
  <datafield tag="020" ind1=" " ind2=" ">
    <subfield code="a">0855984929</subfield>
  </datafield>
  <datafield tag="035" ind1=" " ind2=" ">
    <subfield code="a">(OCoLC)ocm52947929</subfield>
  </datafield>
  <datafield tag="040" ind1=" " ind2=" ">
    <subfield code="a">UKM</subfield>
    <subfield code="c">KMU</subfield>
    <subfield code="d">AZS</subfield>
    <subfield code="d">OCLCQ</subfield>
    <subfield code="d">SYB</subfield>
    <subfield code="d">DLC</subfield>
  </datafield>
  <datafield tag="042" ind1=" " ind2=" ">
    <subfield code="a">lccopycat</subfield>
  </datafield>
  <datafield tag="043" ind1=" " ind2=" ">
    <subfield code="a">d------</subfield>
  </datafield>
  <datafield tag="050" ind1="0" ind2="0">
    <subfield code="a">HQ1240</subfield>
    <subfield code="b">.W6626 2003</subfield>
  </datafield>
  <datafield tag="245" ind1="0" ind2="0">
    <subfield code="a">Women reinventing globalisation /</subfield>
    <subfield code="c">edited by Joanna Kerr and Caroline Sweetman.</subfield>
  </datafield>
  <datafield tag="260" ind1=" " ind2=" ">
    <subfield code="a">Oxford :</subfield>
    <subfield code="b">Oxfam,</subfield>
    <subfield code="c">c2003.</subfield>
  </datafield>
  <datafield tag="300" ind1=" " ind2=" ">
    <subfield code="a">157 p. ;</subfield>
    <subfield code="c">25 cm.</subfield>
  </datafield>
  <datafield tag="440" ind1=" " ind2="0">
    <subfield code="a">Oxfam focus on gender</subfield>
  </datafield>
  <datafield tag="500" ind1=" " ind2=" ">
    <subfield code="a">Cover title.</subfield>
  </datafield>
  <datafield tag="504" ind1=" " ind2=" ">
    <subfield code="a">Includes bibliographical references.</subfield>
  </datafield>
  <datafield tag="505" ind1="0" ind2="0">
    <subfield code="g">Editorial /</subfield>
    <subfield code="r">Joanna Kerr,</subfield>
    <subfield code="r">Caroline Sweetman --</subfield>
    <subfield code="g">I. THE ECONOMICS OF GLOBALISATION --</subfield>
    <subfield code="t">Gender budgets and beyond: feminist fiscal policy in the context of globalisation /</subfield>
    <subfield code="r">Nil&#xFC;fer &#xC7;a&#x11F;atay --</subfield>
    <subfield code="t">Feminist responses to economic globalisation: some examples of past and future practice /</subfield>
    <subfield code="r">Ruth Pearson --</subfield>
    <subfield code="t">Counting for something! Recognising women's contribution to the global economy through alternative accounting systems /</subfield>
    <subfield code="r">Marilyn Waring --</subfield>
    <subfield code="t">African women challenging neo-liberal economic orthodoxy: the conception and mission of the GERA programme /</subfield>
    <subfield code="r">Zo Randriamaro --</subfield>
    <subfield code="t">In search of an alternative development paradigm: feminist proposals from Latin America /</subfield>
    <subfield code="r">Members of the Feminist Initiative of Cartagena --</subfield>
    <subfield code="t">If I were Minister of Finance...: gaining understanding of financial crisis through a simulation workshop /</subfield>
    <subfield code="r">Mehrene Larudee,</subfield>
    <subfield code="r">Caren Grown --</subfield>
    <subfield code="g">II. GLOBALISATION AS POLITICS --</subfield>
    <subfield code="t">Fundamentalisms, globalisation, and women's human rights in Senegal /</subfield>
    <subfield code="r">Fatou Sow --</subfield>
    <subfield code="t">A daring proposal: campaigning for an inter-American convention on sexual rights and reproductive rights /</subfield>
    <subfield code="r">Val&#xE9;ria Pandjiarjian --</subfield>
    <subfield code="t">Free markets and state control: a feminist challenge to Davos man and Big Brother /</subfield>
    <subfield code="r">Mona Danner,</subfield>
    <subfield code="r">Gay Young --</subfield>
    <subfield code="t">Using the master's tools: feminism, media and ending violence against women /</subfield>
    <subfield code="r">Sanya Sarn&#xE0;vka --</subfield>
    <subfield code="g">III. SPECIFIC ISSUES OF GLOBAL CONCERN --</subfield>
    <subfield code="t">Strategic advocacy and maternal mortality: moving targets and the millenium development goals /</subfield>
    <subfield code="r">Lynn Freedman --</subfield>
    <subfield code="t">HIV/AIDS, globalisation and the international women's movement /</subfield>
    <subfield code="r">Sisonke Msimang --</subfield>
    <subfield code="t">New genetic technologies and their impact on women: a feminist perspective /</subfield>
    <subfield code="r">Lisa Handwerker --</subfield>
    <subfield code="t">Trafficking and women's human rights in a globalised world /</subfield>
    <subfield code="r">Pamela Shifman --</subfield>
    <subfield code="g">IV. BUILDING A GLOBAL VOICE TO PROTECT WOMEN'S RIGHTS --</subfield>
    <subfield code="t">The women's movement in the era of globalisation: does it face extinction? /</subfield>
    <subfield code="r">Andrea Medina Rosas,</subfield>
    <subfield code="r">Shamillah Wilson --</subfield>
    <subfield code="t">Institutions, organisations and gender equality in an era of globalisation /</subfield>
    <subfield code="r">Aruna Rao,</subfield>
    <subfield code="r">David Kelleher.</subfield>
  </datafield>
  <datafield tag="650" ind1=" " ind2="0">
    <subfield code="a">Women in development.</subfield>
  </datafield>
  <datafield tag="650" ind1=" " ind2="0">
    <subfield code="a">Globalization</subfield>
    <subfield code="x">Social aspects.</subfield>
  </datafield>
  <datafield tag="650" ind1=" " ind2="0">
    <subfield code="a">Sex role</subfield>
    <subfield code="z">Developing countries.</subfield>
  </datafield>
  <datafield tag="650" ind1=" " ind2="0">
    <subfield code="a">Women's rights.</subfield>
  </datafield>
  <datafield tag="700" ind1="1" ind2=" ">
    <subfield code="a">Sweetman, Caroline.</subfield>
  </datafield>
  <datafield tag="700" ind1="1" ind2=" ">
    <subfield code="a">Kerr, Joanna,</subfield>
    <subfield code="d">1967-</subfield>
  </datafield>
  <datafield tag="856" ind1="4" ind2="2">
    <subfield code="3">Contributor biographical information</subfield>
    <subfield code="u">http://www.loc.gov/catdir/enhancements/fy1115/2004298845-b.html</subfield>
  </datafield>
  <datafield tag="856" ind1="4" ind2="2">
    <subfield code="3">Publisher description</subfield>
    <subfield code="u">http://www.loc.gov/catdir/enhancements/fy1115/2004298845-d.html</subfield>
  </datafield>
  <datafield tag="856" ind1="4" ind2="1">
    <subfield code="3">Table of contents only</subfield>
    <subfield code="u">http://www.loc.gov/catdir/enhancements/fy1115/2004298845-t.html</subfield>
  </datafield>
  <datafield tag="906" ind1=" " ind2=" ">
    <subfield code="a">7</subfield>
    <subfield code="b">cbc</subfield>
    <subfield code="c">copycat</subfield>
    <subfield code="d">2</subfield>
    <subfield code="e">ncip</subfield>
    <subfield code="f">20</subfield>
    <subfield code="g">y-gencatlg</subfield>
  </datafield>
  <datafield tag="942" ind1=" " ind2=" ">
    <subfield code="2">lcc</subfield>
    <subfield code="c">BK</subfield>
    <subfield code="n">0</subfield>
  </datafield>
  <datafield tag="999" ind1=" " ind2=" ">
    <subfield code="c">82</subfield>
    <subfield code="d">82</subfield>
  </datafield>
  <datafield tag="952" ind1=" " ind2=" ">
    <subfield code="0">0</subfield>
    <subfield code="1">0</subfield>
    <subfield code="2">lcc</subfield>
    <subfield code="4">0</subfield>
    <subfield code="7">0</subfield>
    <subfield code="8">NFIC</subfield>
    <subfield code="a">CPL</subfield>
    <subfield code="b">CPL</subfield>
    <subfield code="c">OA</subfield>
    <subfield code="d">2023-01-09</subfield>
    <subfield code="e">Book Aid</subfield>
    <subfield code="l">0</subfield>
    <subfield code="o">HQ 1240 Wom 2003</subfield>
    <subfield code="p">747121</subfield>
    <subfield code="r">2023-01-09 00:00:00</subfield>
    <subfield code="w">2023-01-09</subfield>
    <subfield code="y">BK</subfield>
  </datafield>
  <datafield tag="952" ind1=" " ind2=" ">
    <subfield code="0">0</subfield>
    <subfield code="1">0</subfield>
    <subfield code="2">lcc</subfield>
    <subfield code="4">0</subfield>
    <subfield code="7">0</subfield>
    <subfield code="8">NFIC</subfield>
    <subfield code="a">CPL</subfield>
    <subfield code="b">CPL</subfield>
    <subfield code="c">OA</subfield>
    <subfield code="d">2023-01-09</subfield>
    <subfield code="e">Book Aid</subfield>
    <subfield code="l">0</subfield>
    <subfield code="o">HQ 1240 Wom 2003</subfield>
    <subfield code="p">747120</subfield>
    <subfield code="r">2023-01-09 00:00:00</subfield>
    <subfield code="w">2023-01-09</subfield>
    <subfield code="y">BK</subfield>
  </datafield>
</record>
